| 000 | 03188nam a2200433Ia 4500 | ||
|---|---|---|---|
| 001 | ovld001900043 | ||
| 003 | UtOrBLW | ||
| 005 | 20210303085033.0 | ||
| 006 | m o d | ||
| 007 | cr un||||||||| | ||
| 008 | 160504s2016 enk ob 000 0 eng d | ||
| 020 | _a9781786350732 (electronic bk.) | ||
| 022 | _a0198-8719 | ||
| 040 | _aUtOrBLW | ||
| 050 | 4 |
_aHQ1236 _b.P47 2016 |
|
| 072 | 7 |
_aJPA _2bicssc |
|
| 072 | 7 |
_aPOL010000 _2bisacsh |
|
| 080 | _a305 | ||
| 082 | 0 | 4 |
_a305.42 _223 |
| 245 | 0 | 0 |
_aPerverse politics? : _bfeminism, anti-imperialism, multiplicity / _cedited by Ann Shola Orloff, Raka Ray, Evren Savci. |
| 260 |
_aBingley, U.K. : _bEmerald, _c2016. |
||
| 300 | _a1 online resource (xiii, 186 p.). | ||
| 490 | 1 |
_aPolitical power and social theory, _x0198-8719 ; _vv. 30 |
|
| 504 | _aIncludes bibliographical references. | ||
| 505 | 0 | _aPerverse politics? feminism, anti-imperialism, multiplicity / Ann Shola Orloff, Raka Ray, Evren Savci -- Perverse humanitarianism and the business of rescue: what's wrong with NGOs and what's right about the "Johns"? / Kimberly Kay Hoang -- Redemptive capitalism and sexual investability / Elizabeth Bernstein -- Troubling the subject of violence: the pacifist presumption, martial maternalism, and armed women in contemporary gun culture / Jennifer Carlson -- Feminism/s in power: rethinking gender equality after the second wave / Ann Shola Orloff, Talia Schiff -- Contextualizing the closet: naz, law, and sexuality in postcolonial India / Savina Balasubramanian -- Subjects of rights and subjects of cruelty: the production of an Islamic backlash against homosexuality in Turkey / Evren Savci. | |
| 520 | _aThe papers collected here offer anti-imperialist feminist alternatives to second wave feminism's often reductive understandings of freedom; emancipation; oppression; empowerment and democracy. | ||
| 520 | _aIn this special issue, we address what we refer to as 'perversity of the political' or 'perverse politics': namely, the assumptions political theory and movements, and in our specific case feminism, often make on behalf of their subjects, and how their subjects, in return, perform individual and collective contrariness, unruliness and resistance to what is expected or desired from their 'subjectivity'. Specifically focusing on the themes of 'false consciousness', multiplicity, and uneasy alliances, the papers collected here seek to empirically lay out a number of such 'perverse' moments, and offer anti-imperialist feminist alternatives to second wave feminism's often reductive understandings of freedom; emancipation; oppression; empowerment and democracy. | ||
| 588 | 0 | _aPrint version record | |
| 650 | 7 |
_aPolitical Science _xHistory & Theory. _2bisacsh |
|
| 650 | 7 |
_aPolitical science and theory. _2bicssc |
|
| 650 | 0 |
_aFeminism _xPolitical aspects. |
|
| 700 | 1 | _aOrloff, Ann Shola. | |
| 700 | 1 | _aRay, Raka. | |
| 700 | 1 | _aSavci, Evren. | |
| 776 | 1 | _z9781786350749 | |
| 830 | 0 |
_aPolitical power and social theory ; _vv. 30. _x0198-8719. |
|
| 856 | 4 | 0 | _uhttps://www.emerald.com/insight/publication/doi/10.1108/S0198-8719201630 |
| 912 |
_aov19 _b5/3/2016 _m1900042 _novld _cOE _gov _h5/4/2016 |
||
| 999 |
_c30560 _d30560 |
||